000 00586nmm a2200193Ia 4500
008 251105s9999||||xx |||||||||||||||||und||
020 _a9788433971067
041 _aspa
100 _aWolfe, Roger
245 0 _aLas cartas de la ayahuasca
264 _a[Madrid, España] :
_bEditorial Anagrama,
_c[Fecha de publicación no identificada]
300 _a0 páginas
490 _aPanorama de narrativas
650 _aNorth American narrative
700 _aWolfe, Roger
700 1 _a Burroughs, William S.
856 _uhttps://public.digitaliapublishing.com/a/79996
942 _cCF
999 _c72638
_d72638